000 00629nam a2200193Ia 4500
005 20250508150906.0
008 008 250505s9999 xx 000 0 eng d
037 _aTextual
040 _aFEDL
_beng
_cFEDL
041 _aeng
_2eng
084 _a370.973, UNI
_qFEDL
245 0 _aProceedings of the eighty-eighth annual meeting held at St. Louis, Missouri. Vol 88
245 0 _cNational Education Association of the United States
260 _aWashington, USA
_bNational Education Association
_c1950
300 _a443p.
650 _aEducation
942 _cTEXL
_h370.973, UNI
999 _c1326336
_d1326336